Modern theatre practice : (Record no. 128779)

MARC details
000 -LEADER
fixed length control field 00796nam a22002537a 4500
005 - DATE AND TIME OF LATEST TRANSACTION
control field 20170124110045.0
010 ## - LIBRARY OF CONGRESS CONTROL NUMBER
LC control number 196568
020 ## - INTERNATIONAL STANDARD BOOK NUMBER
Terms of availability 00.00
035 ## - SYSTEM CONTROL NUMBER
System control number 196568
037 ## - SOURCE OF ACQUISITION
Source of stock number/acquisition Cen Lib/Ret
040 ## - CATALOGING SOURCE
Original cataloging agency DPL
Language of cataloging EN
082 ## - DEWEY DECIMAL CLASSIFICATION NUMBER
Classification number 792.02
Item number HEF
100 ## - MAIN ENTRY--PERSONAL NAME
Personal name Heffner, Hubert C.
9 (RLIN) 24420
245 ## - TITLE STATEMENT
Title Modern theatre practice :
Statement of responsibility, etc by Hubert C.Heffner,Samuel Selden [and] Hunton D.Sellman
Remainder of title a handbook of play production /
260 ## - PUBLICATION, DISTRIBUTION, ETC. (IMPRINT)
Name of publisher, distributor, etc Vision Press Limited
Place of publication, distribution, etc London
Date of publication, distribution, etc 1961
270 ## - ADDRESS
Address saxone House,74A Regent Street
300 ## - PHYSICAL DESCRIPTION
Extent xxx,758p. :
Dimensions 21cm(Hb)
Other physical details ill.
500 ## - GENERAL NOTE
General note Includes index
650 ## - SUBJECT ADDED ENTRY--TOPICAL TERM
Topical term or geographic name as entry element Theatre.
9 (RLIN) 74045
650 ## - SUBJECT ADDED ENTRY--TOPICAL TERM
Topical term or geographic name as entry element Stage presentations.
9 (RLIN) 24422
700 ## - ADDED ENTRY--PERSONAL NAME
Personal name Selden, Samuel
9 (RLIN) 74046
700 ## - ADDED ENTRY--PERSONAL NAME
Personal name Sellman, Hunton D.
9 (RLIN) 74047
942 ## - ADDED ENTRY ELEMENTS (KOHA)
Source of classification or shelving scheme Dewey Decimal Classification
Koha item type English Books
Classification part 792.02
Call number suffix HEF
Holdings
Withdrawn status Lost status Damaged status Not for loan Home library Current library Date acquired Source of acquisition Cost, normal purchase price Total Checkouts Full call number Barcode Date last seen Copy number Cost, replacement price Price effective from Koha item type
        Central Library Central Library 03/07/2015 Cen Lib/Ret 0.00   792.02 HEF 196568 03/07/2015 1 0.00 03/07/2015 English Books

© Delhi Public Library
Hit Counter
free hit counter